Air India destinations - Statistics

General Stats
  • This quiz has been taken 213 times
    189 since last reset
  • The average score is 50 of 92
Answer Stats
Country Answer % Correct
Afghanistan Kabul
92%
India Mumbai
92%
France Paris
92%
Australia Sydney
92%
UK London
91%
India Delhi
88%
UAE Dubai
88%
Australia Melbourne
87%
Germany Frankfurt
86%
Bangladesh Dhaka
85%
Japan Tokyo
85%
China Shanghai
83%
UAE Abu Dhabi
82%
Denmark Copenhagen
82%
Saudi Arabia Riyadh
82%
Italy Rome
82%
South Korea Seoul
82%
Singapore Singapore
82%
Austria Vienna
82%
Sri Lanka Colombo
81%
Thailand Bangkok
79%
Nepal Kathmandu
78%
India Kolkata
78%
Spain Madrid
78%
Italy Milan
76%
India Chennai
75%
Saudi Arabia Jeddah
75%
Oman Muscat
75%
Japan Osaka
73%
Isreal Tel Aviv
73%
US Chicago
72%
China Hong Kong
72%
India Hyderabad
72%
Maldives Male
72%
Sweden Stockholm
72%
Kuwait Kuwait City
71%
US San Francisco
69%
India Ahmedabad
66%
India Bangalore
65%
UK Birmingham
65%
Bahrain Manama
65%
UAE Sharjah
65%
US Washington
65%
India Pune
64%
India Lucknow
60%
India Kochi
58%
India Jaipur
57%
India Nagpur
55%
US Newark
55%
Myanmar Yangon
51%
India Amritsar
48%
India Bhopal
47%
India Indore
47%
India Chandigarh
46%
India Goa
46%
India Surat
46%
India Patna
45%
India Srinagar
45%
India Agra
42%
Saudi Arabia Dammam
42%
India Varanasi
41%
India Coimbatore
39%
India Guwahati
38%
US New york City
38%
India Jodhpur
36%
India Madurai
35%
India Jammu
34%
India Ranchi
33%
India Raipur
32%
India Thiruvananthapuram
32%
India Leh
29%
India Udaipur
28%
India Kozhikode
27%
India Port Blair
26%
India Bhubaneswar
25%
India Rajkot
25%
India Agartala
24%
India Vadodara
24%
India Imphal
22%
India Vijayawada
20%
India Visakhapatnam
20%
Iraq Najaf
16%
India Aizawl
15%
India Aurangabad
15%
India Gaya
15%
India Tirupati
15%
India Dibrugarh
13%
India Dimapur
11%
India Jamnagar
10%
India Silchar
8%
India Khajuraho
5%
India Baddogra
4%
No matching quizzes found
Score Distribution
Percent of People with Each Score
Percentile by Number Answered
Your Score History
You have not taken this quiz since the last reset